00967nam a2200181 450000500170000000800410001702000180005803700120007604000130008808400080010110000270010924500940013626000400023030000650027052004150033594200140075099900210076420260409140618.0260409b |||||||| |||| 00| 0 eng d a9783031275296 cTextual aRTLcRTL qRTL aSumer, Levent91131674 aThe world economy and financial system: A Paradigm change offering a sustainable approach aSwiterlandbPalgrae Macmillanc2023 axxiii, 182 p. bIncludes bibliographical reference and index aThis book introduces a new economic and financial system to replace the flawed current system. The past financial crises, including the Great Depression, the Global Financial Crisis, the COVID-19 pandemic, and the ongoing war between Russia and Ukraine, have showed us that the global financial system has problems and that a paradigm change and mindset shift to provide a better world to society is essential. 2CCn0cTB c1848177d1848177